Quizzes
Events
Quiz Creation
Community
Videos
Private Events
Remove Ads
Sign In
Join for FREE
Feedback
Dark Mode
Quiz Categories
Sports
Geography
Music
Movies
Television
Just For Fun
Miscellaneous
History
Literature
Language
Science
Gaming
Entertainment
Religion
Holiday
For Kids
Quiz Lab
Recent
Popular Today
Quiz Kudos Today
Editor Picks
Curator Picks
Quizzes by...
Day
Popularity
Type
Ratings
Length
Year
Community
Subscriptions
Recent Discussions
Orange Saloon
Badges
Playlists
Quests
Create
Leaderboards
Showdown
Live 5
Trivia Bingo
Activity
Puzzle Library
Sporcle Events
Private Events
Virtual Trivia
Globe League
Become a Host
Pub Owners
SporcleCon
Opinionation
Our Games
Videos
Blog
Mobile Apps
Partnerships
Remove Ads and Go Orange
Feedback
Music
Pop Music
The Beatles
Song
Album
Lyrics
Bands
Singers
Artist
Clip
Rock
Rap
Classical
Billboard
Country Music
Kpop
Taylor Swift
Music
Pop Music
The Beatles
Song
Album
Lyrics
Bands
Singers
Artist
Clip
Rock
Rap
Classical
Billboard
Country Music
Kpop
Taylor Swift
Random Quiz
Search Sporcle
×
Quiz Lab
Quiz Lab
Music
Song
Type in answers that appear in a list
Type in answers that appear in a list
Classic
Best Score? Go Orange.
Name the song 2 Stats
Can you name the song by it's given lyrics?
By
annalfabet01
15m
40 Questions
51 Plays
51 Plays
51 Plays
Comments
Comments
Give Quiz Kudos
Give Quiz Kudos
-
- Ratings
hide this ad
Replay
Link that replays current quiz
Next Quiz
Link to next quiz in quiz playlist
You Got
0%
They Got
Avg Score
12%
Avg Friend Score
Upgrade to see
Score Distribution
Jump to the score distribution portion of the page
Score
0/40
Timer
15:00
0
Plays Today
Lyrics
Song
% Correct
Shawty had them Apple bottom jeans, jeans
Low
84.3%
Backbeat the word was on the street that the fire in your heart is out
Wonderwall
51%
So make the best of this test and don't ask why. It's not a question but a lesson learned in time.
Good Riddance (Time of Your Life)
47.1%
I've been spending way too long checking my tongue in the mirror
I'm Yours
39.2%
Stacks on deck, Patrón on ice, and we can pop bottles all night
Whatever You Like
35.3%
Oh hey, I've been travelin' on this road to long, just tryin' to find my way back home
Dead and Gone
33.3%
Sitting in a sandpit, life is a short trip. The music's for the sad men
Forever Young
29.4%
My world revolves around you, it's so hard for me to breathe
No Air
25.5%
I find peace when I'm confused, I find hope when I'm let down
You
19.6%
Gone away are the golden days, just a page in my diary
Wish You Were
19.6%
Running over the same old ground. What have you found? The same old fears.
Wish You Were Here
17.6%
You'll remember me when the west wind moves.
Fields of Gold
17.6%
We put on a shine, put on a motor. Built out of love, and made for the water
Drive (For Daddy Gene)
9.8%
Ten days of perfect tunes, the colors red and blue. We had a promise made we were in love.
Heartbeats
9.8%
I'll always remember it was late afternoon. It lasted forever, but ended so soon.
Cry
7.8%
Where are you now? As I'm swimming through the stereo, I'm writing you a symphony of sound
The Mixed Tape
5.9%
Do you want to have a slumber party in my basement?
Your Love Is My Drug
5.9%
Live for the moment, left it all open now i’m in deep, flames, lava, breathe, karma
Number 1
5.9%
We're reeling through an endless fall. We are the ever-
living ghost of what once was
No One's Gonna Love You
3.9%
If I had my way I'd come and get ya girl in your favorite car with the missing top.
How Do You Sleep
3.9%
Lyrics
Song
% Correct
The feeling's gone, there's nothing left to lift me up back into the world I know
Away From the Sun
3.9%
These mist covered mountains are a home now for me, but my home is the lowlands and always will be.
Brothers in Arms
3.9%
All the best DJs are saving their slowest song for last
Work
3.9%
There’s a place I go when I’m alone: Do anything I want, be anyone I wanna be
Dream Catch Me
3.9%
Pink flowers and bows, that's all you should know, and summer days
They'll Never Know
2%
You used to smile when hope and a pat on the back would last throughout the day
Rise to the Occasion
2%
The cry of the city, like a siren's song wailing over the rooftops the whole night long
Shine Your Light
2%
I guess it's time I run far, far away; find comfort in pain. All pleasure's the same: it just keeps me from trouble.
Tears and Rain
2%
I don't want this moment to ever end, where everything's nothing without you
With Me
2%
All the dark and all the lies were all the empty things disguised as me
Sympathy
2%
Well I would walk around the earth to have another chance with you
Sleepless
2%
So don't you leave me by my lonesome to exceed my reputation cause I have one
You'll Ask For Me
2%
Somehow, somewhere I'll see you again but until then I've got dreams of loving you
Dreams
0%
Everything falls into phase like the flick of a switch
Days Like This
0%
Every time I walk away i see a picture of a face. It's a photograph that makes me wonder why
Say Goodbye
0%
I haven't thought of you lately at all
We Used To Be Friends
0%
You calm the storms, and you give me rest. You hold me in your hands, you won't let me fall.
Everything
0%
If you don't believe you don't succeed, and if you don't apply you won't achieve
Im'ma Shine
0%
There's nothing here for me on this barren road
Dear God
0%
See me as I really am, I have flaws and sometimes I even sin
Halo
0%
Quiz Playlist
Details
Report
Send in Message
Add To Playlist
Classic:
Type in answers that appear in a list
Last Updated: Feb 16, 2017
Quiz Scoreboard
CHALLENGE
Sign Up to Join the Scoreboard
Show All
Scores
Hide
Comments
May contain spoilers
Recently Published
Presidents Visiting Landmarks
by Hejman
History
7m
An Introduction to Baseball
by treessimontrees
Sports
5m
Movies - When Are They Set?
by FPL_Elf
Movies
5m
More to Explore
Quiz From the Vault
Featured Blog Post
Where Did the Easter Bunny Come From?
hide this ad
You Might Also Like...
Tags
Artist Quiz
Lyrics Quiz
Song Quiz
Today's Top Quizzes in Music
Browse Music
hide this ad
Today's Top Quizzes in Song
Browse Song
Top Contributed Quizzes in Music
1
Taylor Swift All Songs (2024)
2
Guess the Artist- 70s Songs
3
Taylor Swift Logic Puzzle
4
KPOP LOGIC QUIZ
5
One Thing in Common: Music
6
2010s Album by Cover III
7
7-to-1: Billboard Hot 100 #1 Hits of 2010s
8
Guess the Taylor Swift song (Mystery Song)
9
Sorting Albums and Songs
10
2000s Album Cover Bunker
Explore More
Trending Topics
NBA
Anime
Kpop
Marvel
Crossword
Disney
Harry Potter
Pokémon
The Office
Soccer
Country
NFL
WWE
Puzzle
Song
hide this ad
More By:
annalfabet01
Quiz
Plays
Rating
Category
Featured
Created
Name the song
76
1.00
Music
Mar 15, 2010
Name the song 2
51
3.00
Music
Mar 17, 2010
Go to Creator's Profile
Score Distribution
Quiz Creator Spotlight
annalfabet01
Follow
Send a Message
Quizzes Created
-
Created Quiz Play Count
-
More By This Creator
Popular Quizzes Today
1
Find the US States - No Outlines Minefield
2
Find the Countries of Europe - No Outlines Minefield
3
The Countries of the World
4
Find the US States
5
Popular People in 1961
6
US States
7
Risky Map Clicking: Biggest States A-Z
8
Movies - When Are They Set?
More Music Quizzes
Figure out the lyrics: High School Musical
Quiz Lab
Trending Quizzes
Risky Map Clicking: Least Populous States A-Z
1-10 Letter G Words
1-10 Letter F Words
Risky Map Clicking: Next State Alphabetically
Risky Map Clicking: Biggest States A-Z
Recently Updated
Leaping Animals
pecheneg
Reality TV Shows (A-Z)
bhenderson79
Rickey Henderson's Hall of Fame Teammates
pecheneg
Champions League XIs: Arsenal
pecheneg
Quick Pick: Celebrities in WWE's Hall of Fame
aduchscher
A-Z Keypad Blitz II
pecheneg
Multiple Oscar Actors
pecheneg
Mystery Phrase Blitz: Oscar 'Best Actors'
pecheneg
F. Scott Fitzgerald Novels
LTH
Pick 3 Villains
ddd62291
Trending Topics
Disney
NBA
Crossword
Marvel
Anime
Harry Potter
Kpop
Puzzle
NFL
WWE
The Office
Song
Pokémon
Country
Soccer
Your Account Isn't Verified!
In order to create a playlist on Sporcle, you need to verify the email address you used during registration. Go to your
Sporcle Settings
to finish the process.
Report this User
Report this user for behavior that violates our
Community Guidelines
.
Details:
Send Report
Go to the Sporcle.com Mobile Site →
Comments